| 000 | 00610nam a22001817a 4500 | ||
|---|---|---|---|
| 003 | OSt | ||
| 005 | 20220107122821.0 | ||
| 008 | 161014b xxu||||| |||| 00| 0 eng d | ||
| 040 | _cIIITMK | ||
| 100 |
_aRanjith M P (92314006) _910725 |
||
| 245 |
_aInvestigation of ground water characteristics in different physiographic region of Kerala _cRanjith M P |
||
| 300 | _aGIS -Major Project | ||
| 502 |
_bMSGIS _c2014-16 _dEXT _eProf. Radha Krishnan course cordinator _fDr. Dinesan V P ,CWRDM, Kozhikode |
||
| 650 |
_aGIS _910726 |
||
| 650 |
_aGROUND WATER _910727 |
||
| 650 |
_aKERALA _910728 |
||
| 942 |
_2ddc _cPR |
||
| 999 |
_c5384 _d5384 |
||